Persons and places (Fragnments of autobiography): Vol.1 - The works of George Santayana

Enregistré dans:
Détails bibliographiques
Auteur principal: George Santayana (1863-1952)
Format: Livre
Langue:Undetermined
Publié: Cambridge, Massachusettes MIT 1986
Sujets:
Tags: Ajouter un tag
Pas de tags, Soyez le premier à ajouter un tag!
Thư viện lưu trữ: Trung tâm Học liệu Trường Đại học Cần Thơ
LEADER 00598nam a2200181Ia 4500
001 CTU_18264
008 210402s9999 xx 000 0 und d
082 |a 191.092 
082 |b S231/Vol.1 
100 |a George Santayana (1863-1952) 
245 0 |a Persons and places (Fragnments of autobiography): Vol.1 - The works of George Santayana 
245 0 |c George Santayana (1863-1952) 
260 |a Cambridge, Massachusettes 
260 |b MIT 
260 |c 1986 
650 |a philosophers - united states - biography 
904 |i Minh, 970821 
980 |a Trung tâm Học liệu Trường Đại học Cần Thơ